000 00348nam a2200145Ia 4500
008 150201s1983 xx 000 0 und d
082 _a612.015
_bP1983G
100 _aG.RAJGOPAL
245 _aPRACTICAL BIOCHEMISTRY
250 _a1ST
260 _bORIENT LONGMAN
_aHYDERABAD
_c1983
300 _aJan-80
650 _aBIOCHEMISTRY
942 _2ddc
_cBK
999 _c3234
_d3234